Dāwūd Bāshā wālī Baghdād. (Record no. 51151)

MARC details
000 -LEADER
fixed length control field 00653cam a22002411 4500
001 - CONTROL NUMBER
control field ne 68004787
003 - CONTROL NUMBER IDENTIFIER
control field DLC
005 - DATE AND TIME OF LATEST TRANSACTION
control field 20260227111851.0
008 - FIXED-LENGTH DATA ELEMENTS--GENERAL INFORMATION
fixed length control field 890401s1967 xx bj 000 0 ara
010 ## - LIBRARY OF CONGRESS CONTROL NUMBER
LC control number ne 68004787
035 ## - SYSTEM CONTROL NUMBER
System control number (OCoLC)23513357
040 ## - CATALOGING SOURCE
Original cataloging agency DLC
Transcribing agency MiU
Modifying agency DLC
042 ## - AUTHENTICATION CODE
Authentication code premarc
050 00 - LIBRARY OF CONGRESS CALL NUMBER
Classification number DS77
Item number .N3
100 1# - MAIN ENTRY--PERSONAL NAME
Personal name Nawwār, ʻAbd al-ʻAzīz Sulaymān.
245 10 - TITLE STATEMENT
Title Dāwūd Bāshā wālī Baghdād.
260 ## - PUBLICATION, DISTRIBUTION, ETC.
Date of publication, distribution, etc. [1967]
300 ## - PHYSICAL DESCRIPTION
Extent 369 p.
Other physical details geneal. tables, maps.
Dimensions 25 cm.
500 ## - GENERAL NOTE
General note Romanized.
600 10 - SUBJECT ADDED ENTRY--PERSONAL NAME
Personal name Davud, Paşa,
Dates associated with a name 1774 or 1775-1851.
651 #0 - SUBJECT ADDED ENTRY--GEOGRAPHIC NAME
Geographic name Iraq
General subdivision History.
830 #0 - SERIES ADDED ENTRY--UNIFORM TITLE
Uniform title Maktabah al-ʻArabīyah ;
Volume/sequential designation 77.

No items available.

Powered by Koha